Detalles MARC
| 000 -LÍDER |
| Campo fijo de descripción fija |
01236aam a2200337 i 4500 |
| 001 - NÚMERO DE CONTROL |
| Campo de control |
768714001 |
| 003 - IDENTIFICADOR DEL NÚMERO DE CONTROL |
| Campo de control |
CO-MdFUSB |
| 005 - FECHA Y HORA DE LA ULTIMA TRANSACCIÓN |
| control field |
20250502165646.0 |
| 007 - CAMPO FIJO DE DESCRIPCIÓN FIJA--INFORMACIÓN GENERAL |
| Campo fijo de descripción fija |
ta |
| 008 - ELEMENTOS DE LONGITUD FIJA -- INFORMACIÓN GENERAL |
| Campo fijo de descripción fija -- Información general |
250502t2005 sp |||| |||| 00| 0 spa d |
| 020 ## - NÚMERO INTERNACIONAL NORMALIZADO PARA LIBROS |
| Número Internacional Normalizado del libro |
84-7914-151-4 |
| 040 ## - FUENTE DE CATALOGACIÓN |
| Agencia que realiza la transcripción |
CO-MdFUSB |
| 041 ## - CÓDIGO DE IDIOMA |
| Código de idioma para texto/pista de sonido o título separado |
spa |
| 082 04 - NÚMERO DE CLASIFICACIÓN DECIMAL DEWEY |
| Número de la edición del Dewey |
23 |
| Número de clasificación |
241 |
| Clave de autor-Numero de item |
F593t |
| 100 1# - ASIENTO PRINCIPAL--NOMBRE PERSONAL |
| Nombre personal |
Flecha Andrés, José Román |
| Término relacionador |
autor |
| 245 10 - TÍTULO |
| Título del Material |
Teología moral fundamental |
| Mención de responsabilidad, etc. |
/ José Román Flecha Andrés |
| 250 ## - MENCIÓN DE EDICIÓN |
| Mención de edición |
segunda edición corregida |
| 264 #1 - PRODUCCIÓN, PUBLICACIÓN, DISTRIBUCIÓN, MANUFACTURA, Y COPYRIGHT |
| Nombre del productor, publicador, distribuidor |
Biblioteca de Autores Cristianos, |
| Lugar de producción, publicación, distribución, manufactura |
Madrid, España : |
| Fecha de producción, publicación, distribución, manufactura, o copyright |
[2005] |
| 264 #4 - PRODUCCIÓN, PUBLICACIÓN, DISTRIBUCIÓN, MANUFACTURA, Y COPYRIGHT |
| Fecha de producción, publicación, distribución, manufactura, o copyright |
©2005 |
| 300 ## - DESCRIPCIÓN FÍSICA |
| Extensión |
367 páginas |
| 336 ## - TIPO DE CONTENIDO |
| Término de tipo de contenido |
texto |
| Código de tipo de contenido |
txt |
| Fuente |
rdacontent |
| 337 ## - TIPO DE MEDIO |
| Fuente |
rdamedia |
| Nombre del tipo de medio |
sin mediación |
| Código del tipo de medio |
n |
| 338 ## - TIPO DE SOPORTE |
| Fuente |
rdacarrier |
| Nombre del tipo de soporte |
volumen |
| Código Tipo de soporte |
nc |
| 490 ## - MENCIÓN DE SERIE |
| Mención de serie |
Sapientia Fidei |
| 500 ## - NOTA GENERAL |
| Nota General |
Con licencia eclesiástica del Arzobispado de Madrid (13-X-1994) |
| 505 ## - NOTA DE CONTENIDO |
| Nota de contenido con formato preestablecido |
Introducción a la teología moral - Historia de la teología moral - Orientaciones Bíblicas para la teología moral - Comportamiento humano responsable - Normas y valores en la ética cristiana - El papel de la conciencia en el juicio moral - El pecado y la vocación moral... |
| 563 ## - NOTA DE ENCUADERNACIÓN |
| Nota de encuadernación |
Rústico |
| 653 ## - TÉRMINO DE INDIZACIÓN - NO CONTROLADO |
| Término no controlado |
Teología moral |
| 942 ## - TIPO DE MATERIAL (KOHA) |
| Tipo de Item KOHA |
Libros General |
| 945 ## - INFORMACIÓN LOCAL DEL REGISTRO |
| Catalogador |
JTF-925 |